[Event "Hamburg op"]
[Site "Hamburg"]
[Date "1984.??.??"]
[Round "9"]
[White "Hazai, Laszlo"]
[Black "Dresen, Ulrich"]
[Result "1/2-1/2"]
[WhiteElo "2465"]
[BlackElo "2290"]

1.e4 g6 2.d4 Bg7 3.Nc3 c6 4.f4 d5 5.e5 h5 6.Be3 Nh6 7.Qd2 Ng4 8.Nd1 Bf5 9.Nf3 Nxe3
10.Nxe3 e6 11.b3 Bf8 12.c4 a5 13.a3 h4 14.Be2 Be4 15.O-O Be7 16.c5 b5 17.Bd3 Na6
18.Rac1 Qd7 19.Ng4 Bxf3 20.Rxf3 Nc7 21.Bc2 Kd8 22.Rh3 Qe8 23.Nf2 Qf8 24.Bb1 a4
25.b4 Qg7 26.g4 hxg3 27.Rxh8+ Qxh8 28.hxg3 Kd7 29.Kg2 Qg7 30.Rh1 Rh8 31.Ng4 Rh5
32.Qd1 Qh8 33.Bc2 Ne8 34.Rxh5  1/2-1/2

[Event "Helsinki"]
[Site "Helsinki"]
[Date "1984.??.??"]
[Round "?"]
[White "Balashov, Yuri S"]
[Black "Pribyl, Josef"]
[Result "1-0"]
[WhiteElo "2535"]
[BlackElo "2455"]

1.e4 g6 2.d4 Bg7 3.Nc3 c6 4.Nf3 d6 5.Be2 Nf6 6.O-O O-O 7.Re1 Qc7 8.Bf4 Nbd7
9.e5 Nh5 10.Bg5 dxe5 11.Bxe7 Re8 12.d5 Nf4 13.d6 Qb6 14.Bc4 h6 15.Ne4 Qxb2
16.a3 Qb6 17.Qd2 a6 18.g3 Nd5 19.Rab1 Qa7 20.Bxd5 cxd5 21.Qxd5 b5 22.Neg5 hxg5
23.Nxg5 Rf8 24.Bxf8 Nxf8 25.Rbd1 Bg4 26.Rd2 Rd8 27.h3 Bc8 28.Rxe5 Bxe5 29.Qxe5 Be6
30.Rd4 Nd7 31.Qf4 Re8 32.Re4 Rf8 33.Qh4 Nf6 34.Qh6  1-0

[Event "Jajce (Women)"]
[Site "Jajce"]
[Date "1984.??.??"]
[Round "?"]
[White "Erenska Radzewska, Hanna"]
[Black "Petrovic, Marija"]
[Result "1/2-1/2"]
[WhiteElo "2225"]
[BlackElo "2125"]

1.e4 g6 2.d4 Bg7 3.Nc3 c6 4.Be2 d5 5.Nf3 Nf6 6.exd5 cxd5 7.Ne5 O-O 8.O-O Nbd7
9.f4 e6 10.Bf3 Ne8 11.Kh1 a6 12.a4 Nd6 13.b3 Qc7 14.Ne2 Rb8 15.Ba3 b5 16.axb5 axb5
17.Nxd7 Bxd7 18.Bc5 Ra8 19.g3 Rfc8 20.Qd2 Bf8 21.b4 Bc6 22.Qc3 Qb7 23.Rxa8 Rxa8
24.Nc1 Nc4 25.Nb3 Bg7 26.Kg1 Ra3 27.Be2 Qa8 28.Rb1  1/2-1/2

[Event "Jajce (Women)"]
[Site "Jajce"]
[Date "1984.??.??"]
[Round "?"]
[White "Nikolin, Zorica"]
[Black "Petrovic, Marija"]
[Result "0-1"]
[WhiteElo "2125"]
[BlackElo "2125"]

1.e4 g6 2.d4 Bg7 3.Nc3 c6 4.Be2 d6 5.Be3 b5 6.f3 b4 7.Nb1 Nd7 8.Nd2 Qc7 9.Bc4 Nb6
10.Bb3 Nf6 11.Ne2 a5 12.c3 Nfd7 13.O-O Ba6 14.f4 a4 15.Bc2 a3 16.cxb4 axb2
17.Rb1 c5 18.bxc5 dxc5 19.dxc5 Nxc5 20.e5 O-O 21.Rxb2 Nd5 22.Bd4 Ne6 23.Nb3 Bxe2
24.Qxe2 Ndxf4 25.Qe4 Nxd4 26.Nxd4 Bxe5 27.Rb7 Bxd4+ 28.Kh1 Qe5 29.Qxf4 Qxf4
30.Rxf4 Rxa2 31.Rxd4 Rxc2 32.h3 Re2 33.Rdd7 Re8 34.Kg1 Kf8 35.Kf1 Ra2 36.Kg1 f5
37.Kh2 Kf7 38.h4 Re2 39.Kh3 Ra8 40.h5 Ra4 41.hxg6+ hxg6 42.Rd3 Ree4 43.Rg3  0-1

[Event "Thessaloniki ol (Women)"]
[Site "Thessaloniki"]
[Date "1984.??.??"]
[Round "5"]
[White "Madl, Ildiko"]
[Black "Petrovic, Marija"]
[Result "1-0"]
[WhiteElo "2060"]
[BlackElo "2130"]

1.e4 g6 2.d4 Bg7 3.Nc3 c6 4.Bc4 d6 5.Nf3 Nf6 6.Qe2 O-O 7.e5 Ne8 8.h3 d5 9.Bd3 Nc7
10.O-O a5 11.Nd1 Nba6 12.c3 Ne6 13.Ng5 Nxg5 14.Bxg5 f6 15.exf6 exf6 16.Bh4 Nc7
17.f4 Qe8 18.Qf3 f5 19.Re1 Be6 20.Nf2 Qd7 21.Bc2 Rfe8 22.Nd3 b6 23.Re2 Bf7
24.Ne5 Qd6 25.Rae1 Ne6 26.g4 fxg4 27.hxg4 Nf8 28.Nxf7 Kxf7 29.f5 Rxe2 30.Rxe2 gxf5
31.Qxf5+ Kg8 32.Re7 Qg6 33.Qf3 Qh6 34.Qf7+ Kh8 35.g5  1-0

[Event "Thessaloniki ol (Women)"]
[Site "Thessaloniki"]
[Date "1984.??.??"]
[Round "10"]
[White "Jackson, Sheila"]
[Black "Petrovic, Marija"]
[Result "1-0"]
[WhiteElo "2190"]
[BlackElo "2130"]

1.e4 g6 2.d4 Bg7 3.Nc3 c6 4.Nf3 d6 5.Be2 Nf6 6.O-O O-O 7.Re1 a5 8.a4 Na6
9.Bf4 Nb4 10.h3 Nd7 11.Bc4 e5 12.Bg5 Bf6 13.Be3 Qe7 14.d5 c5 15.Nb5 Bg7 16.c3 Na6
17.Nd2 f5 18.exf5 gxf5 19.f4 Kh8 20.Nf3 e4 21.Nh2 Nf6 22.Rf1 Rg8 23.Rf2 Bd7
24.Kh1 Bh6 25.Be2 Rg3 26.Nf1 Rg6 27.g3 Rag8 28.Rg2 Bf8 29.Bf2 Rh6 30.Rh2 Nxd5
31.Bc4 e3 32.Bxd5 exf2 33.h4 Bc6 34.Rxf2 Qg7 35.Rh2 Be7 36.h5 Qf7 37.Bxc6 bxc6
38.Na3 Rg4 39.Qe2 Nc7 40.Re1 Bf6 41.Ne3 Rxg3 42.Nxf5 Bxc3 43.Nxg3 Bxe1 44.Qxe1 Qxf4
45.Rf2 Qh4+ 46.Kg2 Ne6 47.Qe3 Rf6 48.Rxf6 Qxf6 49.Nc4 d5 50.Qe5 Qxe5 51.Nxe5 c4
52.Nxc6 Nc5 53.Nxa5 Nxa4 54.b3 cxb3 55.Nxb3 Kg7 56.Kf3 Kf6 57.Kf4 Nb2 58.Nc5 Nc4
59.Nd7+ Ke7 60.Ne5 Nd2 61.Nf5+ Kf6 62.Ng4+ Kf7 63.Ke5 Nf3+ 64.Kxd5 Ng5 65.Ke5 Kf8
66.Nd4 Nf7+ 67.Kf6 Nd6 68.Ne6+ Ke8 69.Ng5 Kf8 70.Nxh7+ Kg8 71.Kg6 Nc4 72.Ng5 Kh8
73.Nf7+  1-0

[Event "Thessaloniki ol (Women)"]
[Site "Thessaloniki"]
[Date "1984.??.??"]
[Round "12"]
[White "Kondou, Eva"]
[Black "Petrovic, Marija"]
[Result "0-1"]
[WhiteElo "2045"]
[BlackElo "2130"]

1.e4 g6 2.d4 Bg7 3.Nc3 c6 4.f4 d5 5.e5 h5 6.Be3 Nh6 7.Nf3 Bf5 8.h3 Nd7 9.Be2 e6
10.Bf2 b5 11.Bd3 Bxd3 12.Qxd3 Nf5 13.g3 Bf8 14.O-O a6 15.a4 b4 16.Ne2 c5
17.c4 bxc3 18.bxc3 c4 19.Qc2 Be7 20.Rab1 Ra7 21.Rb2 Qc7 22.Rfb1 O-O 23.Ne1 Rb8
24.Rxb8+ Nxb8 25.Qb2 Nc6 26.Qb6 Qxb6 27.Rxb6 Na5 28.Nc2 Nb3 29.Kg2 a5 30.Be3 g5
31.fxg5 Nxe3+ 32.Nxe3 Bxg5 33.Nc2 Kg7 34.Na3 Kg6 35.Nb5 Rd7 36.g4 hxg4 37.hxg4 Bd2
38.Rb8 Kg7 39.Nd6 Bg5 40.Rb5 f6 41.Nb7 fxe5 42.dxe5 d4 43.Nxd4 Nxd4 44.cxd4 c3
45.Nxa5 Rxd4 46.Rc5 Rxa4 47.Nb3 Ra2+ 48.Kf1 c2 49.Ke1 Rb2 50.Nd2  0-1

[Event "Tirnavia-B"]
[Site "Trnava"]
[Date "1984.??.??"]
[Round "12"]
[White "Gazik, Igor"]
[Black "Nun, Jiri"]
[Result "1-0"]
[WhiteElo "2360"]
[BlackElo "2390"]

1.e4 c6 2.d4 g6 3.Nc3 Bg7 4.Bf4 d5 5.Nf3 dxe4 6.Nxe4 Nf6 7.Nxf6+ Bxf6 8.Bc4 O-O
9.Qd2 c5 10.O-O-O cxd4 11.Bh6 Re8 12.Ng5 e6 13.h4 Nc6 14.Ne4 Bh8 15.h5 Qa5
16.hxg6 Qxd2+ 17.Bxd2 fxg6 18.Nd6 Bd7 19.Nxe8 Rxe8 20.f4 Nd8 21.g4 Nf7 22.Rde1 Nd6
23.Bb3 b5 24.Rh3 Nc4 25.Bxc4 bxc4 26.Ra3 e5 27.fxe5 Bxg4 28.Re4 h5 29.Rxd4 Be6
30.Bf4 h4 31.Rxa7 h3 32.a4 Rf8 33.Re7 Bc8 34.a5 Bg7 35.Kb1 g5 36.Bxg5 Rf1+
37.Ka2 Bf8 38.Re8 Bd7 39.Rxd7 h2 40.Bf6 Rg1 41.e6  1-0

[Event "Aarhus-A"]
[Site "Aarhus"]
[Date "1985.??.??"]
[Round "2"]
[White "Christensen, J."]
[Black "Lysdal, K."]
[Result "1-0"]
[WhiteElo "2200"]
[BlackElo "2200"]

1.e4 g6 2.d4 Bg7 3.Nc3 c6 4.Nf3 d5 5.h3 Nh6 6.Bf4 f6 7.Qd2 Nf7 8.exd5 cxd5
9.Bb5+ Nc6 10.O-O O-O 11.Rfe1 Re8 12.Rad1 a6 13.Ba4 b5 14.Bb3 e6 15.Re2 Na5
16.Rde1 Nxb3 17.axb3 Ra7 18.Na2 Nd6 19.Nb4 Ne4 20.Qc1 Qb6 21.Nd2 g5 22.Be3 Qd6
23.Nd3 Bb7 24.Nf1 Qd8 25.f3 Nd6 26.Bf2 Bc8 27.Ng3 Rae7 28.f4 Bh6 29.Nh5 Rf8
30.Be3 gxf4 31.Bxf4 Bxf4 32.Qxf4 Kh8 33.Rf1 Ref7 34.g4 Ne4 35.Qh6 Rg8 36.Ne5 Rc7
37.Rxf6 Nxf6 38.Nxf6 Rgg7 39.Rf2 Ra7 40.Nxh7  1-0

[Event "Alfoldi mem (Women)"]
[Site "Budapest"]
[Date "1985.??.??"]
[Round "?"]
[White "Polihroniade, Elisabeta"]
[Black "Krizsan Bilek, Gyulane"]
[Result "1/2-1/2"]
[WhiteElo "2160"]
[BlackElo "1980"]

1.e4 g6 2.d4 Bg7 3.Nc3 c6 4.Bc4 b5 5.Bb3 d6 6.Nxb5 Qb6 7.Qf3 f6 8.Nc3 Qxd4
9.Nge2 Qb4 10.a3 Qa5 11.h4 Nd7 12.h5 Ne5 13.Qg3 g5 14.f4 Ng4 15.f5 N8h6 16.Bd2 Qb6
17.Rf1 Bd7 18.O-O-O Qb8 19.Nd4 Qc8 20.Ne6 Bf8 21.Ne2 a5 22.Bc3 c5 23.Bd5 Ra7
24.Nxg5 Qa6 25.Rfe1 Ne5 26.Bxe5 dxe5 27.Ne6 Nf7 28.Ng7+ Bxg7 29.Qxg7 e6 30.fxe6 Bxe6
31.Qxf6 Bxd5 32.Qxa6 Rxa6 33.Rxd5 Rc6 34.Rf1 Rg8 35.Rf2 Rg5 36.Rd3 Rxh5 37.Nc3 Rh4
38.Kd2 Nd6 39.b3 Rh1 40.Ke3 c4  1/2-1/2

[Event "Midwest Masters"]
[Site "Chicago"]
[Date "1985.??.??"]
[Round "1"]
[White "Van Meter, Lester"]
[Black "Salman, Nachum"]
[Result "1-0"]
[WhiteElo "2260"]
[BlackElo "2215"]

1.d4 g6 2.e4 Bg7 3.Nc3 c6 4.Bc4 d6 5.Qf3 e6 6.Nge2 Nd7 7.h4 h5 8.Bg5 Qc7
9.Bb3 a5 10.a4 Nh6 11.Rd1 Rb8 12.Nf4 Nf8 13.O-O Nh7 14.Bxh6 Bxh6 15.e5 d5
16.Qg3 Bxf4 17.Qxf4 f5 18.Qh6 Rg8 19.Ne2 Qg7 20.Qxg7 Rxg7 21.Nf4 b5 22.c3 Nf8
23.Ra1 Ra7 24.Ra2 Ba6 25.axb5 Bxb5 26.Rfa1 Rba8 27.Ba4 Kf7 28.f3 Nd7 29.Bc2 c5
30.g4 hxg4 31.fxg4 cxd4 32.cxd4 Nb6 33.gxf5 gxf5 34.b3 Rg8+ 35.Ng2 Rga8 36.Bd1 Bd3
37.Nf4 Be4 38.Kf2 Nc8 39.b4 axb4 40.Rxa7+ Rxa7 41.Rc1 Ne7 42.Bh5+ Kg7 43.Nxe6+ Kh6
44.Bd1 Ra2+ 45.Ke1 Ng6 46.h5 Nh4 47.Nf4 Ra6 48.e6 Ra7 49.Rc8 Re7 50.Rg8 Kh7
51.Rg3 Kh6 52.Kf2 b3 53.Rxb3 Kg5 54.Kg3 Ng2 55.Nxg2 Bxg2 56.Kxg2 Rxe6 57.Bf3 Rc6
58.Bxd5 Rd6 59.Rb5 Kxh5 60.Kf3 Kg5 61.Rc5 Rd8 62.Ke3 Re8+ 63.Kd3 Kf4 64.Rc1 Rd8
65.Rf1+ Kg5 66.Be6 f4 67.Ke4 Rf8 68.d5 Rb8 69.Ke5 Rb4 70.Rg1+  1-0

[Event "Capablanca mem-B"]
[Site "Cienfuegos"]
[Date "1985.??.??"]
[Round "8"]
[White "Hernandez, Jose J"]
[Black "Csom, Istvan"]
[Result "0-1"]
[WhiteElo "2335"]
[BlackElo "2480"]

1.e4 c6 2.d4 g6 3.Nc3 Bg7 4.h3 d6 5.Nf3 Na6 6.Be2 Nc7 7.O-O d5 8.Re1 Nh6
9.Bf1 O-O 10.a4 Ne6 11.Ra3 dxe4 12.Nxe4 Nf5 13.c3 Qc7 14.Bd2 Bd7 15.Qc1 Rfe8
16.Bd3 Bc8 17.g4 Nd6 18.Ng3 c5 19.Bh6 cxd4 20.Nh5 Bh8 21.Bf8 Nxf8 22.Qh6 dxc3
23.Rxc3 Qa5 24.Rec1 Qxa4 25.b3 Qb4 26.Rc5 Bxg4 27.hxg4 Qxg4+ 28.Ng3 Qxf3
29.Bc4 Bd4  0-1

[Event "Capablanca mem-B"]
[Site "Cienfuegos"]
[Date "1985.??.??"]
[Round "11"]
[White "Montiel, Pedro"]
[Black "Hernandez, Jose J"]
[Result "1-0"]
[WhiteElo "2310"]
[BlackElo "2335"]

1.e4 c6 2.d4 g6 3.Nc3 Bg7 4.Nf3 d6 5.h3 Na6 6.Be2 Nc7 7.O-O d5 8.exd5 cxd5
9.Re1 Nh6 10.Bf4 Ne6 11.Be5 f6 12.Bb5+ Kf7 13.Bh2 a6 14.Bd3 Nf8 15.Qe2 e6
16.Nd1 Ng8 17.c4 Ne7 18.Nc3 b6 19.cxd5 exd5 20.Rac1 Ne6 21.Na4 Re8 22.Qd2 Ra7
23.Bc2 Bd7 24.Nc3 Bc6 25.Re2 Ng8 26.Rce1 Rae7 27.Qd3 Bb7 28.h4 Nf8 29.h5 Rxe2
30.Rxe2 Rxe2 31.hxg6+ hxg6 32.Qxe2 Qe7 33.Qd3 Bh6 34.Bb3 Qd7 35.Ne4 Kg7 36.Nd6 Ne7
37.Qe2 Nf5 38.Nxb7 Qxb7 39.g4 Qe7 40.Qxa6 Qe4 41.Qb7+ Ne7 42.Ne5 fxe5 43.Qxe7+ Kg8
44.Qxe5 Qxg4+ 45.Bg3 Bg7 46.Qxd5+ Kh7 47.Qf7 Nd7 48.Be6 Qd1+ 49.Kg2 Nf6 50.Be5 Qe2
51.Bxf6 Qe4+ 52.f3 Qe2+ 53.Kg3 Qe1+ 54.Kf4 Qd2+ 55.Ke5 Qg5+ 56.Ke4 Qxf6 57.Qxf6 Bxf6
58.a4 Bh4 59.Kd5 Kg7 60.Kc6 Kf6 61.d5 Ke7 62.Kxb6 Kd6 63.b4 Be1 64.a5  1-0

[Event "URS-ch sf"]
[Site "Kostroma"]
[Date "1985.??.??"]
[Round "1"]
[White "Zaichik, Gennadi"]
[Black "Titov, German"]
[Result "1-0"]
[WhiteElo "2475"]
[BlackElo "2200"]

1.d4 g6 2.e4 Bg7 3.Nc3 c6 4.Be2 d5 5.e5 f6 6.f4 Nh6 7.Nf3 Bg4 8.Be3 O-O 9.h3 Bxf3
10.Bxf3 e6 11.O-O Nd7 12.Ne2 Qe7 13.g4 fxe5 14.fxe5 c5 15.c3 Nf7 16.Qd2 Rac8
17.Bg2 Rc7 18.Nf4 Nb6 19.b3 cxd4 20.cxd4 Rfc8 21.Rf2 Nd8 22.g5 Rc3 23.h4 Nd7
24.h5 Qe8 25.Raf1 gxh5 26.Bf3 h4 27.Rh2 Nf8 28.Bh5 Qc6 29.Ne2 Rc2 30.Qe1 Qa6
31.Qxh4 Qd3 32.Qh3 R8c7 33.Rhf2 Ng6 34.Bg4 Re7 35.Nc1 Qe4 36.Rxc2 Qxc2 37.Rf2 Qe4
38.Rh2 Nf8 39.Be2 Rf7 40.Bd3 Qf3 41.Ne2 Qxh3 42.Rxh3 Rc7 43.Bd2 Nc6 44.b4 Ne7
45.b5 Nf5 46.Bb4 Rf7 47.Rf3 Nh4 48.Rxf7 Kxf7 49.Kf2 Nhg6 50.Bc5 b6 51.Bd6 Nd7
52.Kf3 Bf8 53.Bxf8 Ndxf8 54.Kg4 Kg7 55.Ng3 Nd7 56.Nh5+ Kf7 57.Bc2 Ndf8 58.Nf6 Kg7
59.Ne8+ Kg8 60.Nd6 Ne7 61.Kh5 Kg7 62.Ne8+ Kg8 63.Nd6 Kg7 64.Kg4 Kg8 65.Nb7 Kg7
66.Nd8 Nc8 67.Kh5 Ne7 68.Bd3 Nc8 69.Bf1 Ne7 70.Bh3 Nf5 71.Bxf5 exf5 72.Kh4 h6
73.Kh5  1-0

[Event "URS-ch sf"]
[Site "Kostroma"]
[Date "1985.??.??"]
[Round "3"]
[White "Aseev, Konstantin N"]
[Black "Titov, German"]
[Result "0-1"]
[WhiteElo "2455"]
[BlackElo "2200"]

1.e4 g6 2.d4 Bg7 3.Nc3 c6 4.f4 d5 5.e5 h5 6.Nf3 Bg4 7.Be2 e6 8.Be3 Nh6 9.Bf2 Nf5
10.g3 Bf8 11.Qd3 Nd7 12.h3 Bxf3 13.Bxf3 c5 14.Ne2 Qb6 15.b3 Nxd4 16.Nxd4 cxd4
17.c3 Rc8 18.Bxd4 Bc5 19.O-O Nb8 20.Rf2 Bxd4 21.cxd4 Nc6 22.Rd1 Kd7 23.Kg2 Ne7
24.g4 hxg4 25.hxg4 Rc6 26.Qe3 Qb4 27.Qd2 Qb6 28.Qe1 a6 29.Rfd2 Qb4 30.Qf2 Rc3
31.Rc2 Rxc2 32.Qxc2 Rc8 33.Qd2 Qxd2+ 34.Rxd2 Rc3 35.Kf2 Kc6 36.Be2 Kb6 37.Rd3 Rc2
38.a3 Ra2 39.b4 Kc7 40.Ke3 Kd7 41.Rc3 Nc6 42.b5 Nxd4  0-1

[Event "URS-ch sf"]
[Site "Kostroma"]
[Date "1985.??.??"]
[Round "14"]
[White "Klovans, Janis"]
[Black "Titov, German"]
[Result "1-0"]
[WhiteElo "2435"]
[BlackElo "2200"]

1.e4 g6 2.d4 Bg7 3.Nc3 c6 4.f4 d5 5.e5 h5 6.Nf3 Bg4 7.Be3 e6 8.h3 Bxf3 9.Qxf3 h4
10.Bd3 Ne7 11.O-O Nf5 12.Bf2 Bf8 13.Ne2 Nd7 14.b3 Be7 15.c4 O-O 16.Kh2 Nh6
17.Ng1 Kg7 18.Qe2 Rh8 19.Nf3 Nf8 20.c5 f5 21.exf6+ Bxf6 22.Ne5 Nf5 23.b4 a6
24.a4 Nd7 25.b5 axb5 26.axb5 Nxe5 27.fxe5 Bg5 28.Qg4 Kh6 29.Rfb1 Rf8 30.Kg1 Ra5
31.Kh2 Qa8 32.Rxa5 Qxa5 33.bxc6 bxc6 34.Be1 Qa4 35.Qxg5+ Kxg5 36.Bd2+ Ne3
37.Bxe3+ Rf4 38.Rf1 Qxd4 39.Bxd4 Rxd4 40.Rf3 Rf4 41.Rxf4 Kxf4 42.Bb5 Kxe5
43.Bxc6  1-0

[Event "Mendrisio op"]
[Site "Mendrisio"]
[Date "1985.??.??"]
[Round "?"]
[White "Messa, Roberto"]
[Black "Ljubisavljevic, Zivojin Z"]
[Result "0-1"]
[WhiteElo "2325"]
[BlackElo "2400"]

1.e4 g6 2.d4 Bg7 3.Nc3 c6 4.Nf3 d6 5.Bc4 b5 6.Nxb5 d5 7.Bb3 dxe4 8.Ng5 cxb5
9.Nxf7 Qd7 10.Nxh8 e6 11.Nxg6 hxg6 12.Qg4 Ne7 13.c3 e5 14.Qxe4 Bb7 15.d5 Bxd5
16.Bxd5 Qxd5 17.Qxd5 Nxd5 18.Bg5 Nd7 19.O-O-O N7b6 20.Rhe1 Kf7 21.Re4 Rc8
22.Rd3 Ke6 23.g4 b4 24.Kc2 Nc4 25.Re1 bxc3 26.bxc3 Na3+ 27.Kd2 Rc4 28.f3 Ra4
29.Re4 Nc4+ 30.Kc1 Ndb6 31.Re2 Nd6 32.Bh4 Bh6+ 33.Kd1 Nd5 34.Bg3 Nf4 35.Bxf4 Bxf4
36.h3 g5 37.Rb2 Ra6 38.Ke1 Nc4 39.Re2 Rb6 40.Kf2 Rb1 41.Kg2 a5  0-1

[Event "Nikea op"]
[Site "Nikea"]
[Date "1985.??.??"]
[Round "?"]
[White "Lirindzakis, Timotheos"]
[Black "Kourkounakis, Ilias"]
[Result "0-1"]
[WhiteElo "2330"]
[BlackElo "2360"]

1.e4 g6 2.d4 Bg7 3.Nc3 c6 4.Nf3 d5 5.h3 Nh6 6.Bf4 dxe4 7.Nxe4 Nf5 8.c3 O-O
9.Bd3 Be6 10.O-O Bd5 11.Qc2 Nd7 12.Rad1 Qb6 13.c4 Bxe4 14.Bxe4 Nxd4 15.Nxd4 Bxd4
16.c5 Nxc5 17.Rxd4 Ne6 18.Rd7 Nxf4 19.Rxe7 Rfe8 20.Rd7 Rad8 21.Rfd1 Rxd7
22.Rxd7 Rd8 23.Rxd8+ Qxd8 24.Kh2 Qd4 25.g3 Ne6 26.h4 Nc5 27.Bg2 Nd3 28.Qd2 c5
29.Bxb7 Nxb2 30.Qe2 c4 31.Be4 Nd1 32.Bc2 Nxf2 33.h5 Kg7 34.hxg6 hxg6 35.a4 Ng4+
36.Kh3 Ne3 37.Bb1 c3 38.Bd3 Kf8 39.a5  0-1

[Event "Nikea op"]
[Site "Nikea"]
[Date "1985.??.??"]
[Round "?"]
[White "Gazis, Efstathios"]
[Black "Grigorov, Jordan N"]
[Result "0-1"]
[WhiteElo "2255"]
[BlackElo "2435"]

1.e4 g6 2.d4 Bg7 3.Nc3 c6 4.Bc4 e6 5.Nf3 d5 6.Bd3 Nf6 7.e5 Nfd7 8.Ne2 c5
9.c3 Nc6 10.O-O O-O 11.Re1 cxd4 12.cxd4 f6 13.exf6 Qxf6 14.Bg5 Qf7 15.Bh4 Bf6
16.Bxf6 Qxf6 17.Bc2 Nb6 18.Nc3 Bd7 19.b3 Rac8 20.Qd2 Qf4 21.Re3 Rf7 22.Rae1 Rcf8
23.Nd1 Qh6 24.Qe2 Rf4 25.Qd2 Rxf3 26.gxf3 Rxf3 27.Qc3 Rf4 28.Rd3 Qg7 29.Ne3 Rxd4
30.Bd1 e5 31.Nc2 Rf4 32.Qd2 Qf7 33.a4 d4 34.b4 Nc4 35.Qe2 Bf5 36.f3 Bxd3
37.Qxd3 Nb2  0-1

[Event "Prague op"]
[Site "Prague"]
[Date "1985.??.??"]
[Round "?"]
[White "Doncevic, Dario"]
[Black "Pribyl, Josef"]
[Result "1-0"]
[WhiteElo "2340"]
[BlackElo "2415"]

1.e4 g6 2.d4 Bg7 3.Nc3 c6 4.Nf3 b5 5.a3 d6 6.Be2 Bb7 7.O-O Nd7 8.Re1 Qc7
9.Bf1 a6 10.e5 dxe5 11.dxe5 Nxe5 12.Bf4 Rd8 13.Nxe5 Rxd1 14.Raxd1 Qc8 15.Ne4 Nf6
16.Nd6+ exd6 17.Nxc6+ Ne4 18.Rxe4+ Be5 19.Rxd6  1-0

[Event "Prague zt"]
[Site "Prague"]
[Date "1985.??.??"]
[Round "10"]
[White "Mokry, Karel"]
[Black "Grigorov, Jordan N"]
[Result "1/2-1/2"]
[WhiteElo "2490"]
[BlackElo "2435"]

1.e4 g6 2.d4 Bg7 3.Nc3 c6 4.Nf3 d5 5.h3 Nh6 6.Bd3 O-O 7.O-O f6 8.Re1 Nf7
9.Bf1 Re8 10.Be3 b6 11.exd5 cxd5 12.Nb5 a6 13.Na3 b5 14.c3 Nc6 15.Nc2 e5
16.dxe5 fxe5 17.Bc5 Rb8 18.Nb4 Nxb4 19.cxb4 Bb7 20.a4 Bc6 21.axb5 axb5 22.Ra6 Qc8
23.Ra7 Rb7 24.Rxb7 Qxb7 25.Nd2 Qd7 26.Qe2 Ng5 27.Ra1 d4 28.Ra7 Qd5 29.f3 e4
30.fxe4 Nxe4 31.Nxe4 Rxe4 32.Qf3 Bh6 33.Rc7 Qe6 34.Bxd4 Rxd4 35.Rxc6 Qe3+
36.Qxe3 Bxe3+ 37.Kh2 Bf4+ 38.g3 Rd2+ 39.Bg2 Be3 40.Rc8+ Kg7 41.Rb8 Rxb2  1/2-1/2

[Event "Asousados"]
[Site "Asousados"]
[Date "1986.??.??"]
[Round "?"]
[White "Mendoza"]
[Black "Gonzalez, J."]
[Result "1/2-1/2"]
[WhiteElo "2290"]
[BlackElo "2300"]

1.e4 g6 2.d4 Bg7 3.Nc3 c6 4.Nf3 d6 5.h3 Nd7 6.Bc4 e6 7.Bg5 Qc7 8.O-O Ngf6
9.Re1 e5 10.dxe5 dxe5 11.Qd2 Nc5 12.Rad1 Be6 13.Qe3 Nfd7 14.Bf1 a5 15.Bh6 O-O
16.a4 f6 17.Rd2 Rf7 18.Red1 Bxh6 19.Qxh6 Qb6 20.b3 Qb4 21.Qe3 Kg7 22.Na2 Qb6
23.Rd6 Re7 24.Nc3 Qb4 25.Na2 Qb6 26.Nc3 Qc7 27.R1d2 Rf8 28.Nd5 cxd5 29.exd5 Bxd5
30.R2xd5 b6 31.Nd4 f5 32.Qg5 Ref7 33.Nb5 Qb8  1/2-1/2

[Event "Asousados"]
[Site "Asousados"]
[Date "1986.??.??"]
[Round "?"]
[White "Gutierrez"]
[Black "Gonzalez, J."]
[Result "0-1"]
[WhiteElo "2345"]
[BlackElo "2375"]

1.e4 g6 2.d4 Bg7 3.Nc3 c6 4.Bc4 d6 5.Qf3 e6 6.Nge2 b5 7.Bd3 Bb7 8.O-O Qc7
9.a4 b4 10.Nd1 Nd7 11.Ne3 Ngf6 12.Nc4 O-O 13.Bf4 e5 14.dxe5 Nxe5 15.Nxe5 dxe5
16.Bg5 Nd7 17.a5 Nc5 18.Bc4 Bc8 19.Qe3 Ne6 20.Bh4 Nf4 21.Qc5 Be6 22.Rfd1 Rfe8
23.Bxe6 Nxe2+ 24.Kf1 Nd4 25.Bh3 Qb7 26.a6 Qc7 27.Qxb4 Rab8 28.Qc3 Rb5 29.b3 h6
30.Qc4 g5 31.Bg3 Qb6 32.Qd3 Bf6 33.Bg4 Rd8 34.Qe3 Rc5 35.Ra2 Kg7 36.Rd2 Ra5
37.Rxa5 Qxa5 38.c3 Nxb3 39.Rxd8 Qxd8 40.h3 Qa5 41.Kg1 c5 42.Kh2 h5 43.Bxh5 Qxa6
44.Qf3 Nd2 45.Qg4 Qd3 46.h4 Nxe4 47.hxg5 Nxg5 48.f4 exf4 49.Bxf4 Kh6 50.Bxf7 Kg7
51.Bh5 Kh6 52.Be8 Qh7 53.Bb5 Kg7+ 54.Kg3 Qg6 55.Kh2 Nf7 56.Qxg6+ Kxg6 57.Bd2 Kg7
58.c4 Nd6 59.Ba6 Bd4 60.Kh3 Ne4 61.Bf4 Nf2+ 62.Kh4 Nd3 63.Bb8 Nb4 64.Bb5 a6
65.Ba4 Nd3 66.Bc7 Bc3 67.Kg5 Nb2 68.Bb3 a5 69.Kf5 a4 70.Bxa4 Nxa4 71.Be5+ Bxe5
72.Kxe5 Nb2  0-1

[Event "Dortmund op"]
[Site "Dortmund"]
[Date "1986.??.??"]
[Round "6"]
[White "Lau, Ralf"]
[Black "Schneider, B."]
[Result "1/2-1/2"]
[WhiteElo "2465"]
[BlackElo "2310"]

1.e4 g6 2.d4 Bg7 3.Nc3 c6 4.Nf3 d5 5.h3 Nh6 6.Bf4 f6 7.exd5 cxd5 8.Nb5 O-O
9.Nc7 e5 10.Bxh6 Bxh6 11.Nxa8 e4 12.Nh2 f5 13.Be2 Nc6 14.O-O Be6 15.f4 g5
16.g3 gxf4 17.Rxf4 Bxf4 18.gxf4 Qxa8 19.Kh1 Qd8 20.Qd2 Qh4 21.Qe3 Kh8 22.Rg1 Ne7
23.Qa3 Rg8 24.Qd6 Rxg1+ 25.Kxg1 Bf7 26.Qe5+ Kg8 27.Nf1 Ng6 28.Qxf5 Nxf4 29.Qg4+ Qxg4+
30.Bxg4 h5 31.Bc8 Ne2+ 32.Kf2 Nxd4 33.c3 Ne6 34.Bxb7 Nc5 35.Bc6 Nd3+ 36.Kg3 Nxb2  1/2-1/2

[Event "Dortmund op"]
[Site "Dortmund"]
[Date "1986.??.??"]
[Round "11"]
[White "Ghinda, Mihail Viorel"]
[Black "Schneider, B."]
[Result "1-0"]
[WhiteElo "2430"]
[BlackElo "2310"]

1.e4 g6 2.d4 Bg7 3.Nc3 c6 4.Bc4 d5 5.exd5 b5 6.Bb3 b4 7.Nce2 cxd5 8.Bd2 a5
9.a3 bxa3 10.Rxa3 Nc6 11.Nf3 Nf6 12.Ne5 Nxe5 13.dxe5 Ne4 14.Be3 e6 15.f3 Qh4+
16.g3 Nxg3 17.Bf2 Qb4+ 18.c3 Qxa3 19.bxa3 Nxh1 20.Ba4+ Kf8 21.Bc5+ Kg8 22.Bd6 Bh6
23.Qd4 Ba6 24.Bc6 Rc8 25.Qb6 Bxe2 26.Kxe2 Bf4 27.Bd7 Kg7 28.Bxc8 Rxc8 29.Qb1 Rxc3
30.Qb8 Rc2+ 31.Kd3 Rd2+ 32.Kc3 d4+ 33.Kc4 Kh6 34.Qf8+ Kh5 35.Qxf7 Bh6 36.Qxh7 Rc2+
37.Kxd4 Rd2+ 38.Kc3 Nf2 39.Bf8 Nd1+ 40.Kc4 Ne3+ 41.Kc3 Nd1+ 42.Kb3 Rd3+ 43.Kc4  1-0

[Event "NLD-ch"]
[Site "Hilversum"]
[Date "1986.??.??"]
[Round "4"]
[White "Kuijf, Marinus"]
[Black "Goldstern, Flip"]
[Result "1-0"]
[WhiteElo "2420"]
[BlackElo "2310"]

1.e4 c6 2.d4 g6 3.Nc3 Bg7 4.Bc4 d6 5.Qf3 e6 6.Nge2 d5 7.Bb3 f5 8.exf5 exf5
9.h4 Nf6 10.Bg5 h6 11.Bf4 Nbd7 12.Qg3 Nf8 13.Bc7 Nh5 14.Qh2 Qd7 15.O-O-O Ne6
16.Bd6 b6 17.Rhe1 Ba6 18.Nf4 Nxf4 19.Bxf4 O-O 20.Be5 f4 21.Qh3 Rae8 22.Nb1 Qf7
23.Qc3 Qd7 24.Nd2 Bxe5 25.Rxe5 Nd8 26.Nf3 Be2 27.Re1 Bxf3 28.Qxf3 Rxe5 29.Rxe5 Nf7
30.Re2 Nd6 31.c3 Kg7 32.Bc2 Rf7 33.Re5 Nc4 34.Re1 Nd6 35.Qd3 Qf5 36.Qe2 Qf6
37.h5 gxh5 38.Qxh5 Qg5 39.Qf3 Qf6 40.Re5 Nc4 41.Qg4+ Kh8 42.Re8+ Rf8 43.Qd7  1-0

[Event "Jajce (Women)"]
[Site "Jajce"]
[Date "1986.??.??"]
[Round "6"]
[White "Madl, Ildiko"]
[Black "Petrovic, Marija"]
[Result "1-0"]
[WhiteElo "2220"]
[BlackElo "2110"]

1.e4 g6 2.d4 Bg7 3.Nc3 c6 4.Bc4 d5 5.exd5 b5 6.Bb3 b4 7.Nce2 cxd5 8.Nf3 Nf6
9.O-O O-O 10.Ne5 Bb7 11.a3 bxa3 12.Rxa3 Ne4 13.Nf4 e6 14.Nfd3 Nc6 15.c3 Qe7
16.Re1 Rfc8 17.f3 Nxe5 18.Nxe5 Nd6 19.Qe2 a5 20.Bf4 Ba6 21.Qf2 Bc4 22.Ba4 Bb5
23.Rea1 Bxa4 24.Rxa4 Qd8 25.Qe2 Ra7 26.Nd3 Nc4 27.b4 Raa8 28.Qa2 g5 29.Bg3 Qb6
30.Bf2 Qb5 31.Nc5 e5 32.bxa5 exd4 33.cxd4 Qb2 34.Qxb2 Nxb2 35.R4a2 Nc4 36.a6 Bf8
37.Nd7 Be7 38.Rb1 Ra7 39.Rb7 Rc7 40.Rxc7 Rxc7 41.a7  1-0

[Event "UKR-ch"]
[Site "Kiev"]
[Date "1986.??.??"]
[Round "3"]
[White "Buturin, Vladimir"]
[Black "Gofshtein, Leonid D"]
[Result "1-0"]
[WhiteElo "2200"]
[BlackElo "2385"]

1.e4 g6 2.d4 Bg7 3.Nc3 c6 4.Nf3 d6 5.Bc4 Nf6 6.Bb3 O-O 7.O-O Bg4 8.h3 Bxf3
9.Qxf3 Nbd7 10.Be3 e5 11.dxe5 dxe5 12.Rad1 Qe7 13.Rd3 Nc5 14.Bxc5 Qxc5 15.Rfd1 Qe7
16.Qe3 Rfe8 17.g4 h6 18.f3 Bf8 19.Kg2 Qc7 20.h4 Re7 21.h5 Kh7 22.hxg6+ fxg6
23.Qd2 Rae8 24.Ne2 c5 25.Bc4 a6 26.a4 Kh8 27.Rd6 Bg7 28.Ng3 Kh7 29.g5 Ng8
30.Rh1 Rf8 31.b3 Qc8 32.Rh2 b5 33.axb5 axb5 34.Bxb5 Ref7 35.Rd3 Ne7 36.Bc4 Rf4
37.Rd7 Rxf3 38.Rxe7 Rf2+ 39.Qxf2 Rxf2+ 40.Kxf2 Kh8 41.gxh6 Bf6 42.Rf7 Qd8
43.Bd5 Bh4 44.Rh3 Qg5 45.Kf3 Qxh6 46.c3 g5 47.Kg4  1-0

[Event "Lvov Int"]
[Site "Lvov"]
[Date "1986.??.??"]
[Round "?"]
[White "Kupreichik, Viktor D"]
[Black "Grigorov, Jordan N"]
[Result "1-0"]
[WhiteElo "2490"]
[BlackElo "2410"]

1.e4 g6 2.d4 Bg7 3.Nc3 c6 4.Be3 d5 5.Qd2 dxe4 6.Nxe4 Nd7 7.O-O-O Ngf6 8.f3 Nxe4
9.fxe4 Nf6 10.e5 Nd5 11.Bh6 Bxh6 12.Qxh6 Bf5 13.Nf3 Qa5 14.Bc4 O-O-O 15.Bb3 Bg4
16.Rhf1 f6 17.c4 Nc7 18.exf6 exf6 19.Qf4 f5 20.d5 cxd5 21.cxd5 Qc5+ 22.Kb1 Qd6
23.Qd4 Bxf3 24.Rxf3 Kb8 25.h3 Rhe8 26.g4 fxg4 27.hxg4 Ne6 28.Qf2 Ng5 29.Re3 Ne4
30.Qe2 Ng3 31.Qf3 Rxe3 32.Qxe3 h5 33.gxh5 gxh5 34.Qg5 Rh8 35.Re1 h4 36.a3 a6
37.Re6 Qd8 38.Qe5+ Ka8 39.d6 Rf8 40.Re7 Nf5 41.Re6 h3 42.Bd5 Ka7 43.Be4 h2
44.Qxh2 Nd4 45.Qg1 Qb6 46.Re7 Nc6 47.Rxb7+ Kxb7 48.Qg7+ Kb8 49.Qxf8+ Nd8
50.Ka2  1-0